Central Library OPAC University of Rajshahi

Abraham Lincoln : (Record no. 28338)

MARC details
000 -LEADER
fixed length control field 00952cam a22002651 4500
001 - CONTROL NUMBER
control field 28338
003 - CONTROL NUMBER IDENTIFIER
rucl marc code BD-RjUL
005 - DATE AND TIME OF LATEST TRANSACTION
control field 20211209051252.0
008 - FIXED-LENGTH DATA ELEMENTS--GENERAL INFORMATION
fixed length control field 140330t1939 nyuabcf 000 0beng d
035 ## - SYSTEM CONTROL NUMBER
System control number (BD-RjUL)28419
040 ## - CATALOGING SOURCE
Original cataloging agency DLC
Transcribing agency DLC
Modifying agency DLC
-- BD-RjUL
Language of cataloging eng
041 ## - LANGUAGE CODE
Language code of text/sound track or separate title eng
082 00 - DEWEY DECIMAL CLASSIFICATION NUMBER
Classification number 973.7092
Author mark and year SAA 1939
100 1# - MAIN ENTRY--PERSONAL NAME
Personal name Sandburg, Carl,
Dates associated with a name 1878-1967.
9 (RLIN) 52087
245 00 - TITLE STATEMENT
Title Abraham Lincoln :
Remainder of title the war years /
Statement of responsibility, etc. by Carl Sandburg. With 414 half-tones of photographs and 249 cuts of cartoons, letters, documents.
Number of part/section of a work Volume-2
260 ## - PUBLICATION, DISTRIBUTION, ETC. (IMPRINT)
Place of publication, distribution, etc. New York :
Name of publisher, distributor, etc. Harcourt, Brace & company,
Date of publication, distribution, etc. c1939.
300 ## - PHYSICAL DESCRIPTION
Pagination V-2 (xii, 655 p.) :
Illustrations ill. ;
Size 25 cm.
500 ## - GENERAL NOTE
General note "First edition after printing 525 de luxe copies."
600 10 - SUBJECT ADDED ENTRY--PERSONAL NAME
Personal name Lincoln, Abraham,
Dates associated with a name 1809-1865.
651 #0 - SUBJECT ADDED ENTRY--GEOGRAPHIC NAME
Geographic name United States
General subdivision History
Chronological subdivision Civil War, 1861-1865.
9 (RLIN) 86788
942 ## - ADDED ENTRY ELEMENTS (KOHA)
Source of classification or shelving scheme Dewey Decimal Classification
Koha item type Books
Holdings
Lost status Source of classification or shelving scheme Damaged status Not for loan Collection code Permanent Location Current Location Shelving location Date acquired Source of acquisition Total Checkouts Full call number Date last seen Copy number Koha item type
  Dewey Decimal Classification     Non-fiction Central Library, University of Rajshahi Central Library, University of Rajshahi   18/02/1958 U.S.I.S Dacca   973.7092 SAA V-2 1939 30/03/2014 C-3 Books